| 000 | 03643cam a22005895i 4500 | ||
|---|---|---|---|
| 001 | ssj0002286132 | ||
| 003 | WaSeSS | ||
| 005 | 20220427113835.0 | ||
| 006 | m d | ||
| 007 | cr n | ||
| 008 | 181218s2019 xxu| o |||| 0|eng d | ||
| 020 |
_a9781484241219 _q(print) |
||
| 024 | 7 |
_a10.1007/978-1-4842-4122-6 _2doi |
|
| 040 |
_beng _dWaSeSS _cAIMIT LIBRARY |
||
| 050 | 4 | _aQA76.76.M52 | |
| 072 | 7 |
_aUMP _2bicssc |
|
| 072 | 7 |
_aCOM051380 _2bisacsh |
|
| 072 | 7 |
_aUMP _2thema |
|
| 082 | 0 | 4 |
_a005.448 _21 _bRAWS |
| 092 | _aEBOOK | ||
| 100 | 1 |
_aRawat, Sudhir. _932306 |
|
| 245 | 1 | 0 |
_aUnderstanding azure data factory : _boperationalizing big data and advanced analytics solutions / _cBy Sudhir Rawat and Abhishek Narain. |
| 250 | _a1st ed. | ||
| 260 |
_aNew York : _bApress , _c2022 |
||
| 300 |
_axi,368p. ; _c23.5 cm. |
||
| 336 |
_atext _btxt _2rdacontent |
||
| 337 |
_acomputer _bc _2rdamedia |
||
| 338 |
_aonline resource _bcr _2rdacarrier |
||
| 347 |
_atext file _bPDF _2rda |
||
| 505 | 0 | _aChapter 1: Introduction to Data Analytics -- Chapter 2: Introduction to Azure Data Factory -- Chapter 3: Data Movement -- Chapter 4: Data Transformation-I -- Chapter 5: Data Transformation-II -- Chapter 6: Monitoring -- Chapter 7: Security -- Chapter 8: Executing SSIS Packages. | |
| 506 | _aRequires an SPL library card. | ||
| 520 | _aImprove your analytics and data platform to solve major challenges, including operationalizing big data and advanced analytics workloads on Azure. You will learn how to monitor complex pipelines, set alerts, and extend your organization's custom monitoring requirements. This book starts with an overview of the Azure Data Factory as a hybrid ETL/ELT orchestration service on Azure. The book then dives into data movement and the connectivity capability of Azure Data Factory. You will learn about the support for hybrid data integration from disparate sources such as on-premise, cloud, or from SaaS applications. Detailed guidance is provided on how to transform data and on control flow. Demonstration of operationalizing the pipelines and ETL with SSIS is included. You will know how to leverage Azure Data Factory to run existing SSIS packages. As you advance through the book, you will wrap up by learning how to create a single pane for end-to-end monitoring, which is a key skill in building advanced analytics and big data pipelines. What You'll Learn: Understand data integration on Azure cloud Build and operationalize an ADF pipeline Modernize a data warehouse Be aware of performance and security considerations while moving data . | ||
| 538 | _aMode of access: World Wide Web. | ||
| 630 | 0 | 0 |
_aMicrosoft .NET Framework _932307 |
| 650 | 0 |
_aMicrosoft software _932308 |
|
| 650 | 0 |
_aApplication software _932309 |
|
| 650 | 0 |
_aComputer networks _932310 |
|
| 650 | 0 |
_aManaging flow _932311 |
|
| 655 | 7 |
_aElectronic books. _2local _932312 |
|
| 700 | 1 |
_aNarain, Abhishek. _932313 |
|
| 710 | 2 |
_aSpringerLink (Online service) _932314 |
|
| 710 | 2 |
_aO'Reilly (Firm) _932315 |
|
| 710 | 2 |
_aSerials Solutions _932316 |
|
| 773 | 0 | _tSpringer eBooks | |
| 776 | 0 | 8 |
_iPrinted edition: _z9781484241219 |
| 776 | 0 | 8 |
_iPrinted edition: _z9781484241233 |
| 776 | 0 | 8 |
_iPrinted edition: _z9781484247648 |
| 856 | 4 | 0 |
_yView this electronic item in O'Reilly Online Learning: Academic/Public Library Edition. _uhttps://ezproxy.spl.org/login?url=https://learning.oreilly.com/library/view/~/9781484241226/?ar _zAn e-book available through full-text database. |
| 942 |
_2ddc _cBK _e1st _k005.448 RAWS |
||
| 999 |
_c222667 _d222667 |
||
| 999 | _b03538189 | ||